000 00633nam a2200205 i 4500
001 135201
003 ES-MaACL
005 20250122063028.0
007 t|
008 070711s1939 sp ||||1| spa d
100 1 _aTomás, Mariano,
_9239478
_d1891-1957
245 1 3 _aLa España imperial
_b: Felipe II rey de España y monarca del universo /
_cpor Mariano Tomás.
250 _a2ª ed.
260 _aZaragoza,
_c1939 (
_f[Imp. del El Adelanto de Segovia])
300 _a315 p. ;
_c19 cm.
500 _3Retrato de Felipe II
852 _aES-MaACL
_jA-5134
_bR.18069
942 _2udc
999 _c135201
_d135201